[Event "Saint John op-1"]
[Site "Saint John CAN"]
[Date "1988.??.??"]
[Round "?"]
[White "Akhsharumova, Anna"]
[Black "Piasetski, Leon"]
[Result "0-1"]
[WhiteElo "2385"]
[BlackElo "2390"]
[PlyCount "98"]
[GameId "2160767912587041"]
[EventDate "1988.01.24"]
[EventType "swiss"]
[EventRounds "9"]
[EventCountry "CAN"]
[SourceTitle "CBM 006"]
[Source "ChessBase"]
[SourceDate "2004.01.01"]
[SourceVersion "1"]
[SourceVersionDate "2004.01.01"]
[SourceQuality "1"]

1. d4 Nf6 2. c4 d6 3. Nc3 Bf5 4. f3 e5 5. dxe5 dxe5 6. Qxd8+ Kxd8 7. Bg5 c6 8. O-O-O+ Kc7 9. e4 Be6 10. f4 h6 11. Bxf6 gxf6 12. f5 Bd7 13. Be2 a5 14. Bh5 Be8 15. Nge2 a4 16. a3 Nd7 17. Ng3 Nc5 18. Kb1 Be7 19. Nge2 Rg8 20. g3 Nd7 21. Nc1 Nb6 22. Be2 Ra5 23. N1a2 Bd7 24. Bh5 Rf8 25. Be2 Rc5 26. Nxa4 Nxa4 27. b4 Ra8 28. Rd2 Nb6 29. bxc5 Bxc5 30. Nb4 Rxa3 31. Nc2 Ra4 32. Rhd1 Bc8 33. Rd8 Nxc4 34. Bxc4 Rxc4 35. Rh8 Rxe4 36. Rf1 b5 37. Rxh6 b4 38. Rxf6 b3 39. Rxf7+ Kb6 40. Na1 Ba6 41. Rd1 Bc4 42. Rfd7 Bd4 43. Rd8 Bd3+ 44. Kc1 b2+ 45. Kd2 Bc4 46. Rb1 Re2+ 47. Kd1 Rxh2 48. Nc2 Be2+ 49. Ke1 Bc3+ 0-1

[Event "Saint John op-1"]
[Site "Saint John CAN"]
[Date "1988.??.??"]
[Round "?"]
[White "Akhsharumova, Anna"]
[Black "Velikov, Petar"]
[Result "0-1"]
[WhiteElo "2385"]
[BlackElo "2475"]
[PlyCount "112"]
[GameId "2160767912587042"]
[EventDate "1988.01.24"]
[EventType "swiss"]
[EventRounds "9"]
[EventCountry "CAN"]
[SourceTitle "CBM 006"]
[Source "ChessBase"]
[SourceDate "2004.01.01"]
[SourceVersion "1"]
[SourceVersionDate "2004.01.01"]
[SourceQuality "1"]

1. d4 d5 2. c4 dxc4 3. e3 Nf6 4. Bxc4 e6 5. Nf3 a6 6. O-O c5 7. dxc5 Bxc5 8. a3 b5 9. Be2 Bb7 10. Qxd8+ Kxd8 11. b4 Bd6 12. Bb2 Ke7 13. Nbd2 Nbd7 14. Rfc1 Rac8 15. Nd4 Ne4 16. N2b3 Ba8 17. Na5 Nb8 18. Ndb3 f6 19. f3 Ng5 20. Bd4 Nd7 21. Bc5 e5 22. a4 Bxc5 23. bxc5 bxa4 24. Rxa4 Nb8 25. Rb4 Ne6 26. f4 exf4 27. exf4 g6 28. Re1 Bd5 29. Bc4 Bxc4 30. Rxc4 Kd7 31. c6+ Kd6 32. Nb7+ Kd5 33. N3a5 Nxc6 34. Rxc6 Rxc6 35. Nxc6 Kxc6 36. Rxe6+ Kxb7 37. Rxf6 a5 38. Kf2 a4 39. Re6 a3 40. Re2 Kc6 41. Ra2 Ra8 42. Ke3 Kc5 43. f5 gxf5 44. Kf4 Kb4 45. Kxf5 Kb3 46. Ra1 Rf8+ 47. Kg4 a2 48. h4 Kb2 49. Rxa2+ Kxa2 50. Kh5 Rf6 51. g4 Kb3 52. Kg5 Rb6 53. Kf5 Kc4 54. g5 Rb1 55. h5 Rh1 56. h6 Rf1+ 0-1

[Event "Saint John op-1"]
[Site "Saint John CAN"]
[Date "1988.??.??"]
[Round "?"]
[White "Andonov, Bogomil"]
[Black "Eingorn, Vereslav"]
[Result "0-1"]
[WhiteElo "2420"]
[BlackElo "2570"]
[PlyCount "72"]
[GameId "2160767912587044"]
[EventDate "1988.01.24"]
[EventType "swiss"]
[EventRounds "9"]
[EventCountry "CAN"]
[SourceTitle "CBM 006"]
[Source "ChessBase"]
[SourceDate "2004.01.01"]
[SourceVersion "1"]
[SourceVersionDate "2004.01.01"]
[SourceQuality "1"]

1. Nf3 Nf6 2. c4 b6 3. Nc3 e6 4. g3 Bb7 5. Bg2 Be7 6. O-O O-O 7. Re1 d5 8. cxd5 exd5 9. d4 Na6 10. Bf4 h6 11. Ne5 c5 12. Rc1 Re8 13. Qa4 cxd4 14. Nb5 Nc5 15. Qxd4 Nfe4 16. Qd1 a6 17. Nd4 Bf6 18. Nef3 Qd7 19. b4 Ne6 20. Bh3 Rac8 21. Ne5 Qe7 22. Ndc6 Bxc6 23. Nxc6 Qb7 24. Ne5 Rxc1 25. Qxc1 Nxf4 26. gxf4 Bxe5 27. fxe5 Rxe5 28. f4 Re8 29. Rd1 Nf6 30. Rd2 Qe7 31. Rb2 d4 32. Bg2 Ng4 33. Bf3 Qh4 34. Bxg4 Qxg4+ 35. Kf1 Re4 36. Qc4 Rxf4+ 0-1

[Event "Saint John op-1"]
[Site "Saint John CAN"]
[Date "1988.??.??"]
[Round "?"]
[White "Andonov, Bogomil"]
[Black "Ermenkov, Evgenij"]
[Result "0-1"]
[WhiteElo "2420"]
[BlackElo "2480"]
[PlyCount "56"]
[GameId "2160767912587045"]
[EventDate "1988.01.24"]
[EventType "swiss"]
[EventRounds "9"]
[EventCountry "CAN"]
[SourceTitle "CBM 06"]

1. d4 d6 2. c4 f5 3. Nf3 g6 4. g3 Nf6 5. Bg2 Bg7 6. O-O O-O 7. Nc3 Qe8 8. b3 Na6 9. Bb2 c6 10. a3 e5 11. e3 e4 12. Nd2 Be6 13. b4 Nc7 14. Re1 g5 15. Bf1 Bf7 16. a4 Rd8 17. Qc2 Bh5 18. Rab1 Rf7 19. a5 d5 20. b5 f4 21. bxc6 fxe3 22. fxe3 bxc6 23. h3 Qe6 24. c5 Bg6 25. Bc1 Rdf8 26. Rb7 Nh5 27. Kh2 Nxg3 28. Kxg3 Rf2 0-1

[Event "Saint John op-1"]
[Site "Saint John CAN"]
[Date "1988.??.??"]
[Round "?"]
[White "Barlov, Dragan"]
[Black "Christiansen, Larry"]
[Result "1-0"]
[WhiteElo "2520"]
[BlackElo "2575"]
[PlyCount "143"]
[GameId "2160767912587049"]
[EventDate "1988.01.24"]
[EventType "swiss"]
[EventRounds "9"]
[EventCountry "CAN"]
[SourceTitle "CBM 006"]
[Source "ChessBase"]
[SourceDate "2004.01.01"]
[SourceVersion "1"]
[SourceVersionDate "2004.01.01"]
[SourceQuality "1"]

1. d4 Nf6 2. Nf3 d5 3. c4 c6 4. cxd5 cxd5 5. Nc3 Nc6 6. Bf4 e6 7. e3 Bd6 8. Bg3 O-O 9. Bd3 b6 10. Rc1 Bb7 11. O-O Bxg3 12. hxg3 Qe7 13. Qa4 a6 14. Qb3 b5 15. Qd1 Rac8 16. Nd2 e5 17. Nb3 e4 18. Be2 Rcd8 19. Nc5 Rd6 20. a4 b4 21. Nb1 a5 22. Nxb7 Qxb7 23. Nd2 g6 24. Nb3 h5 25. Qc2 Qb8 26. Qd2 Kg7 27. Rc5 Nd7 28. Rb5 Qa8 29. Rc1 Rb8 30. Rxb8 Ncxb8 31. Bb5 Nf6 32. Qc2 Ng4 33. Qc7 Rf6 34. Rc2 Na6 35. Qd7 Qh8 36. Rc8 Nb8 37. Qc7 Qh7 38. Qd8 Rxf2 39. Rxb8 Kh6 40. Bd7 f5 41. Bb5 Rxb2 42. Qd6 Qg7 43. Qf4+ Kh7 44. Nc5 Rb1+ 45. Bf1 b3 46. Rxb3 Rxb3 47. Nxb3 Qf6 48. Nc5 g5 49. Qc7+ Kh8 50. Qc8+ Kh7 51. Qd7+ Kg6 52. Qxd5 Nxe3 53. Qg8+ Kh6 54. Qe6 Qxe6 55. Nxe6 Kg6 56. Nc5 Kf6 57. Nb3 Nc2 58. Be2 h4 59. gxh4 gxh4 60. Kf2 f4 61. Bb5 f3 62. gxf3 e3+ 63. Ke2 h3 64. f4 h2 65. Bc6 Kf5 66. Bh1 Kxf4 67. d5 Ke5 68. Nxa5 Nd4+ 69. Kxe3 Nf5+ 70. Kf2 Kd6 71. Nb7+ Kc7 72. d6+ 1-0

[Event "Saint John op-1"]
[Site "Saint John CAN"]
[Date "1988.??.??"]
[Round "?"]
[White "Barlov, Dragan"]
[Black "Eingorn, Vereslav"]
[Result "1/2-1/2"]
[WhiteElo "2520"]
[BlackElo "2570"]
[PlyCount "201"]
[GameId "2160767912587050"]
[EventDate "1988.01.24"]
[EventType "swiss"]
[EventRounds "9"]
[EventCountry "CAN"]
[SourceTitle "CBM 006"]
[Source "ChessBase"]
[SourceDate "2004.01.01"]
[SourceVersion "1"]
[SourceVersionDate "2004.01.01"]
[SourceQuality "1"]

1. d4 e6 2. c4 Nf6 3. Nf3 b6 4. Bg5 Bb7 5. a3 h6 6. Bxf6 Qxf6 7. Nc3 g6 8. e3 Bg7 9. Bd3 O-O 10. Be4 Bxe4 11. Nxe4 Qe7 12. O-O c5 13. Qd3 Nc6 14. Rab1 d5 15. cxd5 exd5 16. Nc3 c4 17. Qc2 Rfd8 18. b4 Qe6 19. Rfe1 Ne7 20. Rbd1 Nf5 21. Qa4 a6 22. Qc2 Nd6 23. Nd2 b5 24. Rb1 Re8 25. a4 Reb8 26. a5 Re8 27. Nf3 Rad8 28. Re2 Ne4 29. Nd2 Nxc3 30. Qxc3 Qf5 31. Ree1 Bf8 32. Nf1 Rc8 33. Red1 h5 34. Ng3 Qg5 35. Ne2 Bd6 36. Qc2 Qh4 37. g3 Qg4 38. Nc3 Qe6 39. Qe2 Rcd8 40. Qf3 Bf8 41. Kg2 Bh6 42. Re1 f5 43. h4 Qc6 44. Kf1 Re6 45. Kg2 Kf7 46. Kf1 Rd7 47. Kg2 Ke8 48. Kh1 Kd8 49. Kg2 Kc7 50. Kf1 Qd6 51. Kg2 Kc6 52. Kg1 Qb8 53. Kg2 Bf8 54. Qd1 Bd6 55. Ne2 Qd8 56. Qd2 Re4 57. f3 Re8 58. Nf4 g5 59. hxg5 Qxg5 60. Rh1 Rg7 61. Rh3 h4 62. Rbh1 Rge7 63. Rxh4 Bxf4 64. Rxf4 Rxe3 65. Kf2 Qe7 66. Rh6+ Kc7 67. Re4 Rxf3+ 68. Kxf3 fxe4+ 69. Ke2 e3 70. Qc2 Qg5 71. Qh7+ Re7 72. Rg6 Rxh7 73. Rxg5 Rh2+ 74. Kxe3 Rb2 75. Rg7+ Kc8 76. g4 Rxb4 77. Rg8+ Kd7 78. Rg7+ Ke8 79. Ra7 c3 80. Ra8+ Kd7 81. Ra7+ Kc8 82. Rf7 Rc4 83. Rf1 c2 84. Kd2 Kd7 85. Kc1 Rxd4 86. Kxc2 Ra4 87. g5 Rxa5 88. g6 Ke7 89. g7 Ra2+ 90. Kb3 Rg2 91. Ra1 Rxg7 92. Rxa6 d4 93. Rb6 Rg3+ 94. Kb2 Rg5 95. Kc2 Kd7 96. Kd3 Kc7 97. Rh6 Rd5 98. Ke4 Rd8 99. Kd3 Kb7 100. Rg6 Ka7 101. Rh6 1/2-1/2

[Event "Saint John op-1"]
[Site "Saint John CAN"]
[Date "1988.??.??"]
[Round "?"]
[White "Barlov, Dragan"]
[Black "Perenyi, Bela"]
[Result "1-0"]
[WhiteElo "2520"]
[BlackElo "2370"]
[PlyCount "93"]
[GameId "2160767912587051"]
[EventDate "1988.01.24"]
[EventType "swiss"]
[EventRounds "9"]
[EventCountry "CAN"]
[SourceTitle "CBM 06"]

1. Nf3 c5 2. e4 d6 3. c3 Nf6 4. Be2 g6 5. O-O Bg7 6. Re1 O-O 7. Bf1 Nc6 8. h3 e5 9. d3 Qc7 10. Bg5 h6 11. Bxf6 Bxf6 12. a4 Be6 13. Nfd2 a6 14. Na3 Bg7 15. Nac4 b5 16. Ne3 Qb7 17. h4 f5 18. h5 Ne7 19. c4 f4 20. Nd5 gxh5 21. Qxh5 bxc4 22. Nxe7+ Qxe7 23. dxc4 Rab8 24. b3 Qg5 25. Be2 Rb7 26. Qxg5 hxg5 27. f3 Bf6 28. Bd1 Rfb8 29. g4 fxg3 30. Nf1 g4 31. fxg4 Bh4 32. Kg2 Rxb3 33. Bxb3 Rxb3 34. Rab1 Bxc4 35. Rxb3 Bxb3 36. Nxg3 Bc2 37. Rh1 Bxg3 38. Kxg3 Bxe4 39. Rh6 d5 40. Rxa6 c4 41. Rc6 Kf7 42. a5 d4 43. Rxc4 Ke6 44. a6 d3 45. Rc1 Kd5 46. a7 Kd4 47. g5 1-0

[Event "Saint John op-1"]
[Site "Saint John CAN"]
[Date "1988.??.??"]
[Round "?"]
[White "Barlov, Dragan"]
[Black "Suba, Mihai"]
[Result "1/2-1/2"]
[WhiteElo "2520"]
[BlackElo "2550"]
[PlyCount "105"]
[GameId "2160767912587052"]
[EventDate "1988.01.24"]
[EventType "swiss"]
[EventRounds "9"]
[EventCountry "CAN"]
[SourceTitle "CBM 06"]

1. d4 Nf6 2. Nf3 e6 3. c4 c5 4. d5 d6 5. Nc3 exd5 6. cxd5 g6 7. Nd2 Bg7 8. e4 O-O 9. Be2 Na6 10. O-O Nc7 11. a4 b6 12. Nc4 Ba6 13. Bf4 Bxc4 14. Bxc4 Re8 15. Re1 a6 16. Qd3 Ng4 17. Qg3 Ne5 18. Bf1 Qd7 19. h3 b5 20. Bd2 Nc4 21. Bxc4 bxc4 22. Bf4 Red8 23. e5 Nxd5 24. Nxd5 dxe5 25. Rad1 exf4 26. Qf3 Kf8 27. Nb6 Qa7 28. Nxa8 Qxa8 29. Rxd8+ Qxd8 30. Qxf4 Bd4 31. Qh6+ Kg8 32. Re2 Qd7 33. a5 Qd8 34. Qc1 Qxa5 35. Qxc4 Kf8 36. b3 Qa1+ 37. Kh2 h5 38. h4 a5 39. g3 Qb1 40. Kg2 Qf5 41. Qc2 Qd5+ 42. f3 Qd6 43. Qe4 Qb6 44. Qd3 Qb4 45. f4 a4 46. bxa4 Qxa4 47. Qf3 Qa1 48. f5 gxf5 49. Qxf5 Qg1+ 50. Kh3 Qh1+ 51. Rh2 Qd1 52. Ra2 Qh1+ 53. Rh2 1/2-1/2

[Event "Saint John op-1"]
[Site "Saint John CAN"]
[Date "1988.??.??"]
[Round "?"]
[White "Basanta, Gary"]
[Black "Hernandez, Gabriel"]
[Result "1-0"]
[WhiteElo "2215"]
[BlackElo "2330"]
[PlyCount "55"]
[GameId "2160767912587054"]
[EventDate "1988.01.24"]
[EventType "swiss"]
[EventRounds "9"]
[EventCountry "CAN"]
[SourceTitle "CBM 06"]

1. e4 c5 2. Nf3 Nc6 3. d4 cxd4 4. Nxd4 Nf6 5. Nc3 d6 6. Be2 e6 7. O-O Be7 8. Kh1 O-O 9. f4 Qc7 10. Be3 a6 11. a4 Re8 12. Bf3 Rb8 13. Qe1 e5 14. Nf5 Bxf5 15. exf5 e4 16. Be2 d5 17. Qf2 Nb4 18. Rac1 h5 19. h3 b6 20. g4 Bc5 21. g5 Nh7 22. Bxc5 Qxc5 23. Qg2 h4 24. f6 g6 25. f5 Nf8 26. fxg6 Nxg6 27. Bh5 Kh7 28. Bxg6+ 1-0

[Event "Saint John op-1"]
[Site "Saint John CAN"]
[Date "1988.??.??"]
[Round "?"]
[White "Basanta, Gary"]
[Black "Minaya, Juan"]
[Result "1-0"]
[WhiteElo "2215"]
[BlackElo "2305"]
[PlyCount "55"]
[GameId "2160767912587056"]
[EventDate "1988.01.24"]
[EventType "swiss"]
[EventRounds "9"]
[EventCountry "CAN"]
[SourceTitle "CBM 006"]
[Source "ChessBase"]
[SourceDate "2004.01.01"]
[SourceVersion "1"]
[SourceVersionDate "2004.01.01"]
[SourceQuality "1"]

1. e4 c5 2. Nf3 d6 3. d4 cxd4 4. Nxd4 Nf6 5. Nc3 Nc6 6. Be2 e5 7. Nb3 Be7 8. O-O O-O 9. Kh1 a5 10. a4 Nb4 11. f4 Bd7 12. Bf3 Bc6 13. Qe2 Rc8 14. Be3 exf4 15. Bxf4 Re8 16. Rad1 Bf8 17. Bg5 Re5 18. Bxf6 gxf6 19. Bg4 Rc7 20. Bf5 Bg7 21. Nd4 Rce7 22. Qh5 h6 23. Rf3 d5 24. Rg3 Kh8 25. Nf3 Qf8 26. Nxe5 Rxe5 27. Qg4 Nxc2 28. exd5 1-0

[Event "Saint John op-1"]
[Site "Saint John CAN"]
[Date "1988.??.??"]
[Round "?"]
[White "Basanta, Gary"]
[Black "Stone, Raymond"]
[Result "1-0"]
[WhiteElo "2215"]
[BlackElo "2415"]
[PlyCount "91"]
[GameId "2160767912587057"]
[EventDate "1988.01.24"]
[EventType "swiss"]
[EventRounds "9"]
[EventCountry "CAN"]
[SourceTitle "CBM 06"]

1. e4 c5 2. Nf3 e6 3. d4 cxd4 4. Nxd4 Nc6 5. Be2 Nf6 6. Nc3 d6 7. O-O Be7 8. Kh1 O-O 9. f4 a6 10. Be3 Bd7 11. a4 Rc8 12. Qe1 Nb4 13. Qg3 g6 14. Bf3 Qc7 15. Rac1 e5 16. Nf5 Bxf5 17. exf5 Rfe8 18. fxg6 hxg6 19. f5 Kg7 20. Bg5 e4 21. Bxe4 d5 22. Bf4 Nh5 23. Bxc7 Nxg3+ 24. Bxg3 dxe4 25. Nxe4 gxf5 26. Rxf5 Rxc2 27. Rcf1 Rf8 28. Be5+ Kg6 29. Bf6 Re8 30. h3 Rc4 31. Ng3 Rc6 32. Rg5+ Kh7 33. Rh5+ Kg6 34. Rg5+ Kh7 35. Rg7+ Kh8 36. Rxf7+ Rxf6 37. R7xf6 Bxf6 38. Rxf6 Re1+ 39. Kh2 Nd3 40. Rh6+ Kg8 41. Rg6+ Kh8 42. Rb6 Rb1 43. Rxb7 Rxb2 44. Rxb2 Nxb2 45. a5 Nc4 46. Ne4 1-0

[Event "Saint John op-1"]
[Site "Saint John CAN"]
[Date "1988.??.??"]
[Round "?"]
[White "Basanta, Gary"]
[Black "Tolnai, Tibor"]
[Result "0-1"]
[WhiteElo "2215"]
[BlackElo "2465"]
[PlyCount "54"]
[GameId "2160767912587058"]
[EventDate "1988.01.24"]
[EventType "swiss"]
[EventRounds "9"]
[EventCountry "CAN"]
[SourceTitle "CBM 06"]

1. e4 c5 2. Nf3 d6 3. d4 cxd4 4. Nxd4 Nf6 5. Nc3 g6 6. Be2 Bg7 7. O-O Nc6 8. Bg5 O-O 9. Nb3 a6 10. f4 b5 11. Bf3 b4 12. Nd5 Nxd5 13. exd5 Na5 14. Nxa5 Qxa5 15. Kh1 Re8 16. Re1 Bxb2 17. Rb1 Bc3 18. Rxe7 Rxe7 19. Bxe7 Qxa2 20. g4 Bb7 21. f5 Qc4 22. Bxd6 Rd8 23. Be7 Rxd5 24. Qf1 Qxf1+ 25. Rxf1 Rd1 26. Kg2 Rxf1 27. Bxb7 Ra1 0-1

[Event "Saint John op-1"]
[Site "Saint John CAN"]
[Date "1988.??.??"]
[Round "?"]
[White "Benjamin, Joel"]
[Black "Eingorn, Vereslav"]
[Result "1-0"]
[WhiteElo "2565"]
[BlackElo "2570"]
[PlyCount "103"]
[GameId "2160767912587059"]
[EventDate "1988.01.24"]
[EventType "swiss"]
[EventRounds "9"]
[EventCountry "CAN"]
[SourceTitle "CBM 006"]
[Source "ChessBase"]
[SourceDate "2004.01.01"]
[SourceVersion "1"]
[SourceVersionDate "2004.01.01"]
[SourceQuality "1"]

1. e4 e6 2. d3 c5 3. Nf3 Nc6 4. g3 d5 5. Nbd2 g6 6. Bg2 Bg7 7. O-O Nge7 8. Re1 h6 9. h4 b6 10. c3 a5 11. a4 Ba6 12. exd5 exd5 13. Nb3 O-O 14. d4 c4 15. Nbd2 Bc8 16. Nf1 Be6 17. Bf4 Qd7 18. b3 cxb3 19. Qxb3 f6 20. Qxb6 g5 21. hxg5 hxg5 22. Bc1 Rfc8 23. Qb5 Rab8 24. Qe2 Nd8 25. Bxg5 fxg5 26. Nxg5 Rb6 27. Qd3 Qe8 28. Ne3 Qh5 29. f4 Bf7 30. Bf3 Qg6 31. Qxg6 Rxg6 32. Ra3 Rd6 33. Nxf7 Kxf7 34. Rb3 Ne6 35. Kg2 Rcc6 36. Rb7 Nc7 37. Bh5+ Kg8 38. Rb8+ Bf8 39. Ng4 Nf5 40. Re5 Ng7 41. Rg5 Nce6 42. Nf6+ Kh8 43. Rg6 Nxf4+ 44. gxf4 Rxf6 45. Rxf8+ Rxf8 46. Rxc6 Nxh5 47. Rh6+ Kg7 48. Rxh5 Rc8 49. Rxd5 Rxc3 50. Rxa5 Rc4 51. Kf3 Rxd4 52. Kg4 1-0

[Event "Saint John op-1"]
[Site "Saint John CAN"]
[Date "1988.??.??"]
[Round "?"]
[White "Birnboim, Nathan"]
[Black "Barlov, Dragan"]
[Result "0-1"]
[WhiteElo "2465"]
[BlackElo "2520"]
[PlyCount "74"]
[GameId "2160767912587065"]
[EventDate "1988.01.24"]
[EventType "swiss"]
[EventRounds "9"]
[EventCountry "CAN"]
[SourceTitle "CBM 06"]

1. d4 Nf6 2. c4 d6 3. g3 g6 4. Bg2 Bg7 5. Nf3 O-O 6. O-O c6 7. Nc3 Qa5 8. d5 cxd5 9. Nxd5 Nxd5 10. cxd5 Nd7 11. e4 Nc5 12. Nd4 Bg4 13. f3 Bd7 14. Be3 Rfc8 15. Rf2 Na4 16. Bf1 Nb6 17. b3 Qc3 18. Nc2 Rc7 19. Rb1 Rac8 20. Bd3 Be8 21. f4 Bd7 22. Kg2 Qa5 23. Bd2 Bc3 24. Bc1 Bb5 25. a4 Bxd3 26. Qxd3 Nd7 27. Ne3 Bg7 28. Nc4 Nc5 29. Qf3 Qa6 30. Rc2 Nxb3 31. Qxb3 Rxc4 32. Rxc4 Rxc4 33. Be3 Rc3 34. Qxb7 Qxb7 35. Rxb7 Rxe3 36. Rxe7 a5 37. e5 Rd3 0-1

[Event "Saint John op-1"]
[Site "Saint John CAN"]
[Date "1988.??.??"]
[Round "?"]
[White "Birnboim, Nathan"]
[Black "Day, Lawrence"]
[Result "0-1"]
[WhiteElo "2465"]
[BlackElo "2375"]
[PlyCount "92"]
[GameId "2160767912587066"]
[EventDate "1988.01.24"]
[EventType "swiss"]
[EventRounds "9"]
[EventCountry "CAN"]
[SourceTitle "CBM 006"]
[Source "ChessBase"]
[SourceDate "2004.01.01"]
[SourceVersion "1"]
[SourceVersionDate "2004.01.01"]
[SourceQuality "1"]

1. d4 Nf6 2. c4 d6 3. g3 Nbd7 4. Bg2 e5 5. Nf3 c6 6. O-O Be7 7. Nc3 O-O 8. Qc2 Re8 9. b3 Bf8 10. e4 a6 11. Rd1 Qc7 12. Bb2 b5 13. cxb5 cxb5 14. Rac1 Bb7 15. Qb1 Qa5 16. d5 Nc5 17. Nd2 b4 18. Nc4 Qd8 19. Ne2 a5 20. Qc2 Ba6 21. Rb1 Qb8 22. Bc1 Rc8 23. Bd2 Qa7 24. Nc1 Bb5 25. Re1 Be7 26. Nd3 Nxd3 27. Qxd3 Bxc4 28. bxc4 Nd7 29. Bh3 Nc5 30. Qe2 Rcb8 31. Rb2 Bd8 32. Bf1 Bb6 33. Qd1 Rf8 34. Qg4 Na4 35. Rb3 Bxf2+ 36. Kg2 Bxe1 37. Bxe1 Nc5 38. Rf3 Qb8 39. Bd2 Qc8 40. Rf5 g6 41. Bh6 Nxe4 42. Bxf8 Qxf5 43. Qxf5 gxf5 44. Be7 Re8 45. Bh4 a4 46. Bd3 b3 0-1

[Event "Saint John op-1"]
[Site "Saint John CAN"]
[Date "1988.??.??"]
[Round "?"]
[White "Birnboim, Nathan"]
[Black "Fong, Juan"]
[Result "1-0"]
[WhiteElo "2465"]
[BlackElo "2220"]
[PlyCount "53"]
[GameId "2160767912587067"]
[EventDate "1988.01.24"]
[EventType "swiss"]
[EventRounds "9"]
[EventCountry "CAN"]
[SourceTitle "CBM 006"]
[Source "ChessBase"]
[SourceDate "2004.01.01"]
[SourceVersion "1"]
[SourceVersionDate "2004.01.01"]
[SourceQuality "1"]

1. d4 Nf6 2. c4 c5 3. d5 b5 4. Nf3 Bb7 5. Qb3 Qb6 6. Nc3 b4 7. Na4 Qc7 8. e4 Nxe4 9. Qe3 Nf6 10. Nxc5 Bc8 11. Ne4 Nxe4 12. Qxe4 d6 13. Nd4 Nd7 14. Nb5 Qb6 15. Bf4 Nc5 16. Qe3 e5 17. dxe6 fxe6 18. O-O-O e5 19. Bxe5 dxe5 20. Qxe5+ Kf7 21. Qd5+ Qe6 22. Qxa8 Qh6+ 23. Kc2 Bf5+ 24. Bd3 Nxd3 25. Qd5+ Kg6 26. Rxd3 Be7 27. g4 1-0

[Event "Saint John op-1"]
[Site "Saint John CAN"]
[Date "1988.??.??"]
[Round "?"]
[White "Birnboim, Nathan"]
[Black "Ross, Dave"]
[Result "0-1"]
[WhiteElo "2465"]
[BlackElo "2325"]
[PlyCount "80"]
[GameId "2160767912587068"]
[EventDate "1988.01.24"]
[EventType "swiss"]
[EventRounds "9"]
[EventCountry "CAN"]
[SourceTitle "CBM 006"]
[Source "ChessBase"]
[SourceDate "2004.01.01"]
[SourceVersion "1"]
[SourceVersionDate "2004.01.01"]
[SourceQuality "1"]

1. d4 d5 2. c4 e6 3. Nf3 c5 4. cxd5 exd5 5. Nc3 Nc6 6. Bg5 Be7 7. Bxe7 Ngxe7 8. e3 O-O 9. Be2 Qb6 10. dxc5 Qxb2 11. Rc1 Qb4 12. O-O Qxc5 13. Bd3 h6 14. e4 d4 15. Nb5 Qb6 16. Rb1 Qd8 17. Be2 Qa5 18. Nbxd4 Qxa2 19. Qc1 Qa4 20. Rd1 Nxd4 21. Rxd4 Qc6 22. Qa3 Ng6 23. Rd6 Qxe4 24. Bd3 Qf4 25. Qc5 b6 26. Qa3 Bb7 27. Rd4 Qf6 28. Rd6 Qf4 29. Rd4 Qc7 30. Rc1 Qe7 31. Qxe7 Nxe7 32. Ne5 Rac8 33. Rxc8 Rxc8 34. Rd7 Rc1+ 35. Bf1 Ba6 36. h4 Rxf1+ 37. Kh2 Ng6 38. Rd8+ Kh7 39. Nd7 h5 40. Kg3 Bc4 0-1

[Event "Saint John op-1"]
[Site "Saint John CAN"]
[Date "1988.??.??"]
[Round "?"]
[White "Borkowski, Franciszek"]
[Black "Georgiev, Krum"]
[Result "1/2-1/2"]
[WhiteElo "2415"]
[BlackElo "2490"]
[PlyCount "120"]
[GameId "2160767912587069"]
[EventDate "1988.01.24"]
[EventType "swiss"]
[EventRounds "9"]
[EventCountry "CAN"]
[SourceTitle "CBM 06"]

1. e4 c5 2. Nf3 d6 3. d4 cxd4 4. Nxd4 Nf6 5. Nc3 a6 6. Bc4 e6 7. Bb3 Nbd7 8. g4 Nc5 9. Qe2 d5 10. Bg5 Be7 11. Bxf6 Bxf6 12. O-O-O Qb6 13. e5 Bg5+ 14. Kb1 Qa5 15. h4 Be7 16. f4 Bd7 17. f5 O-O-O 18. Bxd5 exd5 19. Nxd5 Rhe8 20. b4 Qa3 21. Qc4 Kb8 22. bxc5 Qxc5 23. Qb3 Bf8 24. Rhe1 Bc8 25. c4 Ka7 26. Qe3 Kb8 27. Rc1 Bd6 28. Qf4 Rxe5 29. Rxe5 f6 30. Nb3 Qa3 31. Rce1 Bxe5 32. Qc1 Qxc1+ 33. Kxc1 h5 34. Rg1 hxg4 35. Rxg4 Bxf5 36. Rxg7 Rh8 37. Nc5 Bc8 38. Nb6 Bd4 39. Ncd7+ Ka7 40. Nxc8+ Rxc8 41. Rg4 Rxc4+ 42. Kd1 f5 43. Rf4 Rc1+ 44. Kd2 Bg7 45. Kxc1 Bh6 46. Kd1 Bxf4 47. h5 b5 48. Nf6 Be5 49. Ng8 f4 50. Ke2 Kb6 51. Ne7 Kc5 52. h6 a5 53. h7 b4 54. Ng6 f3+ 55. Kxf3 Bg7 56. Ke3 a4 57. Kd3 b3 58. a3 b2 59. Kc2 Kc4 60. h8=Q Bxh8 1/2-1/2

[Event "Saint John op-1"]
[Site "Saint John CAN"]
[Date "1988.??.??"]
[Round "?"]
[White "Borkowski, Franciszek"]
[Black "Ross, Dave"]
[Result "1-0"]
[WhiteElo "2415"]
[BlackElo "2325"]
[PlyCount "71"]
[GameId "2160767912587070"]
[EventDate "1988.01.24"]
[EventType "swiss"]
[EventRounds "9"]
[EventCountry "CAN"]
[SourceTitle "CBM 006"]
[Source "ChessBase"]
[SourceDate "2004.01.01"]
[SourceVersion "1"]
[SourceVersionDate "2004.01.01"]
[SourceQuality "1"]

1. e4 c5 2. Nf3 d6 3. d4 cxd4 4. Nxd4 Nf6 5. Nc3 a6 6. Bc4 e6 7. Bb3 b5 8. O-O Be7 9. f4 Bb7 10. Be3 Nbd7 11. Bxe6 fxe6 12. Nxe6 Qc8 13. Nxg7+ Kf7 14. Nf5 Bf8 15. e5 Rg8 16. Rf2 dxe5 17. fxe5 Qc6 18. Ng3 Nxe5 19. Qh5+ Rg6 20. Qxe5 Re8 21. Qd4 Rxe3 22. Qxe3 Bc5 23. Qf3 Kg8 24. Rd1 Qb6 25. Qf5 Bxf2+ 26. Qxf2 Qxf2+ 27. Kxf2 h5 28. Rd4 Ng4+ 29. Kg1 Bc6 30. Nxh5 Ne3 31. g3 Nxc2 32. Rg4 Rxg4 33. Nf6+ Kf7 34. Nxg4 b4 35. Ne5+ Ke6 36. Nxc6 1-0

[Event "Saint John op-1"]
[Site "Saint John CAN"]
[Date "1988.??.??"]
[Round "?"]
[White "Burger, Karl"]
[Black "Rajna, George"]
[Result "0-1"]
[WhiteElo "2320"]
[BlackElo "2495"]
[PlyCount "76"]
[GameId "2160767912587075"]
[EventDate "1988.01.24"]
[EventType "swiss"]
[EventRounds "9"]
[EventCountry "CAN"]
[SourceTitle "CBM 006"]
[Source "ChessBase"]
[SourceDate "2004.01.01"]
[SourceVersion "1"]
[SourceVersionDate "2004.01.01"]
[SourceQuality "1"]

1. d4 Nf6 2. Nf3 g6 3. g3 Bg7 4. Bg2 O-O 5. O-O d6 6. c4 Nbd7 7. Nc3 e5 8. e4 c6 9. h3 Re8 10. Be3 exd4 11. Nxd4 Nc5 12. Qc2 a5 13. Rfe1 a4 14. Rad1 Qa5 15. Bf4 Bf8 16. g4 Nfd7 17. Be3 Ne5 18. Bf1 Ne6 19. Kg2 Nc5 20. Be2 Qb4 21. a3 Qa5 22. f4 Ned7 23. Bf3 Qa6 24. Nce2 Nb6 25. Rc1 d5 26. cxd5 cxd5 27. e5 Nd3 28. Nc3 Nxe1+ 29. Rxe1 Be6 30. f5 Bd7 31. Bf4 Qc4 32. Qd2 Qc5 33. e6 fxe6 34. fxg6 hxg6 35. Qc2 Kh7 36. Be5 Nc4 37. Bf6 e5 38. h4 Qxd4 0-1